Sítio do picapau amarelo (Registo nº 3604)

Detalhes MARC
000 -Etiqueta do registo
Cabeçalho 00945ngm0a2200265 4500
005 - Identificador da versão
Campo de controlo 20240902112646.0
021 ## - Número do Depósito Legal
Código do país PT
071 0# - Número do editor (registos sonoros e música) 
Número do editor 4619/04
100 ## - Dados gerais de processamento
Dados gerais de processamento 20050630d2004 bc y0pory5003 ba
101 0# - Língua de publicação
Língua do texto, banda sonora, etc. Português
Língua do documento no original Inglês
Língua das legendas Português
102 ## - Pais de publicação ou produção
País de publicação Portugal
115 ## - Campo de dados codificados: Projecções Visuais, Filmes e Vídeos
Dados modificados - geral a063bbz zzzz zzxxc
200 1# - Titulo e menção de responsabilidade
Título próprio Sítio do picapau amarelo
Indicação geral da natureza do documento Registo vídeo
Informação de outro título reinações de Narizinho ;
-- o poço do Visconde
Primeira menção de responsabilidade autoria de Cláudio Lobato... [et al.]
210 ## - Publicação, Distribuição, etc. 
Lugar da edição, distribuição, etc. PT
Nome do editor, distribuidor, etc. Sony Music Entertainment
Data da publicação, distribuição, etc. 2004
215 ## - Descrição física 
Indicação específica da natureza do documento e extensão da espécie 1 DVD (PAL 2) (180 min.)
Outras indicações físicas col., son.
305 ## - Notas relativas à edição e história bibliográfica da publicação 
Texto da nota Data de lançamento: 2004
306 ## - Notas relativas a publicação, distribuição, etc. 
Texto da nota Distribuidor cinema: Sony Music Entertainment
327 1# - Nota de conteúdo 
Texto da nota Conteúdo: Falado em português (Brasil) ; Versão original ; 2 histórias completas ; Mais de 3 horas de aventuras.
333 ## - Nota relativa aos potenciais utilizadores
Texto da nota Classificação: M4
606 ## - Nome comum usado como assunto
Número de registo de entrada de autoridade 0002834
Palavra de ordem Filme
Subdivisão de assunto Animação infantil
610 1# - Termos de indexação não controlados
Subject Term DVD cinema
702 #1 - Nome de autor-pessoa física (responsabilidade secundária)
Número de registo de entrada de autoridade 0002855
Palavra de ordem Lobato
Outra parte do nome não tomada para palavra de ordem Cláudio
Código de função Autor / Co-autor
942 ## - Elementos de entrada adicionados (Koha)
Tipo de item no Koha Livro
Exemplares
Situação do levantamento Origin of item (home branch) (coded) Biblioteca de empréstimo Código de barras Cota Circulation type (not for loan) Tipo de documento Nota do exemplar Damaged status
  Biblioteca Escolar da Coca Maravilhas Biblioteca Escolar da Coca Maravilhas BECM47d/05 F SIT   DVD Sem mensagem